000 00621nam a2200217Ia 4500
003 GCL
008 140319s9999 xx 000 0 ara d
040 _aGCL /
_cGCL
082 0 4 _a247
_bع م
100 1 _aعلى المشكينى
245 1 0 _aمسلكنا فى الاخلاق والاصول والفروع /
_cعلى المشكينى
260 _a[S.N] :
_bدار الهدى ،
_c1991
300 _a494 ص
490 _a
650 0 4 _aالاسلام
650 0 4 _aالفرق الاسلامية
650 0 4 _aعقائد الشيعة
650 0 4 _aالشيعة
650 0 4 _aالامامة
942 _2ddc
_cBK
999 _c55533
_d55533